Anagrammi dei Calciatori - Quiz n°48 - Statistics

Statistiche generali
  • Questo quiz è stato fatto 3 volte
  • Il punteggio medio è 6 su 10
Statistiche sulle risposte
Anagramma Calciatore % Corretto
onlccea Cancelo
100%
nígdo Godín
100%
napip Papin
100%
ysim Simy
100%
cesehirndabr Bernardeschi
50%
ćilnaik Kalinić
50%
aonsu Ounas
50%
reorts Torres
50%
ykcesilon Koscielny
0%
nvtoaa Tavano
0%
Nessun quiz corrispondente trovato
Distribuzione punteggi
Percentuale di utenti per punteggio
Percentile per numero di risposta
I tuoi punteggi nel tempo
Non hai fatto questo quiz